000 00774nam a2200277 i 4500
001 C2-0258740
003 PPAK
005 20180727225317.0
008 041007s2003 my a|||| ||||| | eng d
020 _a9676575925
040 _aPPAK
_beng
_cPPAK
_erda
082 0 4 _a428
_223
090 0 0 _a428
_bLOV
_dRK
100 1 _aLove, Elizabeth,
_eauthor
245 1 0 _aTeacher's resource book
264 1 _aShah Alam, Selangor :
_bPenerbit Fajar Bakti ,
_c2003
300 _aiii, 44 pages :
_billustrations ;
_c26 cm
336 _2rdacontent
_atext
337 _2rdamedia
_aunmediated
338 _2rdacarrier
_avolume
490 1 _aGenius english readers
650 1 0 _aEnglish language - Usage.
700 _eauthor
830 0 _aGenius english readers
942 _ddc
_cB
999 _c70294
_d70294